000
00336nam a22001457a 4500
008
221013b ||||| |||| 00| 0 eng d
020
_a
080166683
041
_a
eng
080
_2
SIXTH EDITION
_a
616.002
082
_a
616.002
100
_a
11.2
101
_a
REU
245
_a
SURGERY OF THE FOOT AND ANKLE
_c
MANN.R
942
_2
udc
_c
BK
999
_c
58545
_d
58545